Chanson à trous : Orelsan - Basique - Statistiques

Statistiques générales
  • Ce quiz a été pris 92 fois
  • Le résultat moyen est 14 sur 17
Statistiques - réponses
Couplets Basique % Correct
2 Les gens les plus intelligents sont pas toujours ceux qui {parlent} le mieux (simple)
94%
6 Les mecs du FN ont la même tête que les {méchants} dans les films (simple)
92%
1 Ok, j’ai demandé à Skread de faire une instru simple Parce que j’vais dire des trucs simples Parce que vous êtes {trop} {cons} Simple, basique
89%
9 Les {dauphins} sont des violeurs, ouais, méfie-toi des apparences (basique) Basique, simple, simple, basique Vous n’avez pas les bases, vous n’avez pas les bases
88%
10 Si c’est marqué sur {internet}, c’est p’t-être faux mais c’est p’t-être vrai (simple)
88%
4 Si tu dis souvent qu’t’as pas d’problème avec {l}'{alcool}, c’est qu’t’en as un (simple)
88%
14 Cent personnes possèdent la moitié des {richesses} du globe (simple)
87%
5 Faut pas faire un {enfant} avec les personnes que tu connais pas bien (basique)
87%
3 Les {hommes} {politiques} doivent mentir sinon tu voterais pas pour eux (basique)
87%
12 À l’étranger, t’es un étranger, ça sert à rien d’être {raciste} (simple)
86%
8 {Hugo} {Boss} habillait les nazis, le style a son importance (simple)
86%
16 Si t’es souvent {seul} avec tes problèmes, c’est parce que, souvent, l’problème, c’est toi (simple)
85%
7 Entre avoir des {principes} et être un sale con, la ligne est très fine (basique)
79%
17 Toutes les {générations} disent que celle d’après fait n’importe quoi (cliché) Basique, simple, simple, basique Vous n’avez pas les bases, vous n’avez pas les bases
75%
15 Tu s’ras toujours à un ou deux numéros d’avoir le {quinté} dans l’ordre (basique)
62%
13 Les mecs les plus {fous} sont souvent les mecs les plus tristes (basique)
60%
11 {Illuminatis} ou pas, qu’est-ce que ça change ? Tu t’fais baiser (basique)
53%
Aucun quiz correspondant
Distribution des résultats
% des personnes avec chaque résultat
Percentile par nombre de réponses
Votre historique - résultats
Vous n’avez pas pris ce quiz